| 000 | 00488nam a2200205Ia 4500 | ||
|---|---|---|---|
| 005 | 20240823050126.0 | ||
| 008 | 240823s9999||||xx |||||||||||||| ||und|| | ||
| 020 | _a978-81-317-2710-2 | ||
| 041 | _aENGLISH | ||
| 082 | _A547 Q3 | ||
| 100 | _aMann F G | ||
| 245 | 0 | _aPractical Organic Chemistry | |
| 250 | _a4th | ||
| 260 |
_c2013 _b"Pearson ,Sing" |
||
| 500 | _aTRANSFERED | ||
| 650 |
_aorganic chemistry _bChemistry |
||
| 700 | _a Saunders B C | ||
| 942 | _cBK | ||
| 999 |
_c216534 _d216534 |
||